000 00487nam a2200145 4500
008 759.966.9 D675r1
020 _a3934545041
082 _a759.966.9
_bD675r1
100 _aDonald Odita, Odili
_96422
245 _aRoots I Spuren
260 _aAlemania
_bVerlag Schuster, Edition
300 _a36 p.
_bill (col)
_c21 x 15 cm
650 _xarte contemporáneo
_xarte - exhibiciones
_xNigeria
_xarte - mujeres
_xDonald, Odili
_96423
700 _aMuller, Helmut A.; Nasgaard, Roald; Thos, Michael
_96424
999 _c1509
_d1509